000 00371nam a2200169Ia 4500
001 22382
003 IN-NITTTR
005 20251114233253.0
008 251113s9999||||xx |||||||||||||| ||eng||
040 _beng
040 _cIN-NITTTR
041 _aeng
082 _a005.133 G76L
100 _aGraham, Neill
245 0 _aLearning C /
_cGraham, Neill
942 _2ddc
_cBK
999 _c25011
_d25011